| 000 | 00688nam a2200181Ia 4500 | ||
|---|---|---|---|
| 008 | 151202s9999||||xx |||||||||||||| ||und|| | ||
| 082 | _bPNVM-47345 | ||
| 100 | _aलक्ष्मीनारायण बो. ली. | ||
| 245 | _aरात्र - एका होडीतली. | ||
| 260 | _b"आपलं प्रकाशन,मुंबई." | ||
| 260 | _c2001 | ||
| 300 | _a159 | ||
| 600 | _aलक्ष्मीनारायण बो. ली. | ||
| 630 | _aरात्र - एका होडीतली. | ||
| 700 | _aलक्ष्मीनारायण बो. ली. | ||
| 730 | _aरात्र - एका होडीतली. | ||
| 942 | _cBOOK | ||
| 999 |
_c1313295 _d1313292 |
||